Szczegóły MARC21

Wartościowanie stanowisk pracy i strategie wynagrodzeń : jak wprowadzać efektywny system /

003 -Nazwa inst., której nr kontr. jest w polu 001 [,]
    • @
    • Nazwa instytucji, której n kontrolny jest w polu 001
    • NUKAT
005 -DATA I CZAS OSTATNIEJ MODYFIKACJI [,]
    • @
    • pole kontrolne
    • 20241231113107.0
020 -Międzynarod. znormalizowany nr książki - ISBN [ , ]
    • a
    • Numer ISBN
    • 8388597612 Find
040 -Instytucja sporządzająca opis [ , ]
    • a
    • Instytucja, która sporządziła opis (NP)
    • LUBL M/IK
    • c
    • Instytucja, która sporządziła rekord (NP)
    • LUBL M/IK
    • d
    • Instytucja, która zmodyfikowała rekord (P)
    • LUBL M/IKs
    • d
    • Instytucja, która zmodyfikowała rekord (P)
    • LUBL M/JD
041 -Język dokumentu [1, ]
    • a
    • Język tekstu (P)
    • polski
    • h
    • Język tekstu oryginalnego i/lub pośredniego (P)
    • angielski
942 -Rodzaj dokumentu [ , ]
    • c
    • Rodzaj dokumentu
    • Książka
100 -Hasło główne - nazwa osobowa [1, ]
    • a
    • Nazwa osobowa (NP)
    • Poels, Frans.
    • 9
    • KHW
    • 699833
245 -Strefa tytułu i oznaczenia odpowiedzialności [1,0]
    • a
    • Tytuł
    • Wartościowanie stanowisk pracy i strategie wynagrodzeń : Find
    • b
    • Ciąg dalszy tytułu (NP)
    • jak wprowadzać efektywny system / Find
    • c
    • Pozostałe elementy strefy tytułu i oznaczenia odpowiedzialności (NP)
    • Frans Poels ; przeł. Iwona Podsiadło.
246 -Wariant tytułu [1, ]
    • i
    • Tekst wyświetlany na ekranie monitora (NP)
    • Tyt. oryg.:
    • a
    • Tytuł (NP)
    • Job evaluation and remuneration strategies
250 -Strefa wydania [ , ]
    • a
    • Oznaczenie wydania (NP)
    • Wyd. 2.
260 -Strefa adresu wydawniczego [ , ]
    • a
    • Miejsce wydania (P)
    • Kraków :
    • b
    • Nazwa wydawcy (P)
    • Oficyna Ekonomiczna,
    • c
    • Data wydania (P)
    • 2002.
300 -Strefa opisu fizycznego [ , ]
    • a
    • Określenie formy książki i/lub objętość (NP)
    • 275 s. :
    • b
    • Oznaczenie ilustracji (NP)
    • il. ;
    • c
    • Format (NP)
    • 24 cm.
336 -Typ zawartości [ , ]
    • a
    • Termin opisujący typ zawartości
    • Tekst
    • b
    • Kod określający zawartość
    • txt
    • 2
    • Źródło (terminu i kodu)
    • rdacontent
337 -Typ mediów [ , ]
    • a
    • Tryb odtwarzania
    • Bez urządzenia pośredniczącego
    • b
    • Kod typu mediów
    • n
    • 2
    • Źródło (terminu i kodu)
    • rdamedia
338 -Typ/rodzaj nośnika [ , ]
    • a
    • Hasło opisujące typ nośnika
    • Wolumin
    • b
    • Kod typu nośnika
    • nc
    • 2
    • Źródło (terminu i kodu)
    • rdacarrier
380 -Deskryptor - Forma dzieła (P) [ , ]
    • a
    • forma dzieła (NP)
    • Książki
490 -Strefa serii i książki wielotomowej - forma nie do wyszukiwania [1, ]
    • a
    • Tytuł (P)
    • Zarządzanie Zasobami Ludzkimi (HR) Find
830 -Hasło dodatkowe serii i opisu książki wielotomowej - tytuł ujednolicony/tytuł [ ,0]
    • a
    • Tytuł ujednolicony/tytuł (NP)
    • Zarządzanie Zasobami Ludzkimi (HR)
    • 9
    • KHW
    • 969
504 -Uwaga dot. bibliogr. załącznikowej [ , ]
    • a
    • Uwaga dot. bibliografii załącznikowej
    • Bibliogr. s. 264. Indeks.
080 -Uniwersalna Klasyfikacja Dziesiętna [ , ]
    • a
    • Symbol klasyfikacji
    • 65.012.4
080 -Uniwersalna Klasyfikacja Dziesiętna [ , ]
    • a
    • Symbol klasyfikacji
    • :331.108
080 -Uniwersalna Klasyfikacja Dziesiętna [ , ]
    • a
    • Symbol klasyfikacji
    • :331.2
650 -Hasło przedmiotowe [ ,7]
    • a
    • Hasło przedmiotowe
    • Metody badawcze
    • 2
    • Źródło terminu
    • DBN
    • 9
    • KHW
    • 723204
650 -Hasło przedmiotowe [ ,7]
    • a
    • Hasło przedmiotowe
    • Płaca
    • 2
    • Źródło terminu
    • DBN
    • 9
    • KHW
    • 724505
650 -Hasło przedmiotowe [ ,7]
    • a
    • Hasło przedmiotowe
    • Praca
    • 2
    • Źródło terminu
    • DBN
    • 9
    • KHW
    • 721185
650 -Hasło przedmiotowe [ ,7]
    • a
    • Hasło przedmiotowe
    • Warunki pracy
    • 2
    • Źródło terminu
    • DBN
    • 9
    • KHW
    • 723004
650 -Hasło przedmiotowe [ ,7]
    • a
    • Hasło przedmiotowe
    • Ocena stanowisk pracy.
    • 2
    • Źródło terminu
    • kaba
    • 9
    • KHW
    • 121875
650 -Hasło przedmiotowe [ ,7]
    • a
    • Hasło przedmiotowe
    • Płace
    • x
    • Określnik rzeczowy
    • zarządzanie.
    • 2
    • Źródło terminu
    • kaba
    • 9
    • KHW
    • 127177
655 -Hasło w funkcji tematu formalnego [ ,7]
    • a
    • Hasło
    • Podręcznik
    • 2
    • Źródło terminu
    • DBN
    • 9
    • KHW
    • 720960
658 -Ujęcie treści [ , ]
    • a
    • dziedzina nauki i sztuki/ sfera aktywności życiowej
    • Gospodarka, ekonomia, finanse
980 -Symbol UKD [ , ]
    • a
    • UKD
    • 65.012.4:331.108:331.2
700 -Hasło dodatkowe - nazwa osobowa [1, ]
    • a
    • Nazwa osobowa (NP)
    • Podsiadło, Iwona. Find
    • e
    • Określenie rodzaju współpracy
    • Tł.
    • 9
    • KHW
    • 85085
920 -ISBN [ , ]
    • a
    • ISBN
    • 83-88597-61-2 Find
Lokalizacja Data inwentaryzacji Numer inwentarzowy Sygnatura Status udost.
GW2016-02-23GW.6425331-3
T2002-08-22T.6962 -2